Economic growth and development : emerging issues

Bibliographic Details
Format: Book
Published: New Delhi : Deep & deep publications , 2007
Subjects:

MARC

LEADER 00000cam a2200000 7i4500
001 0000031391
005 20120216.0
008 120216
020 |a 8176299839 
090 0 0 |a 330.90954   |b ECO 
245 1 0 |a Economic growth and development :   |b emerging issues   |c edited by Prankrishna Pal 
260 |a New Delhi :   |b Deep & deep publications ,   |c 2007 
650 0 |a Economic conditions   |z Malaysia 
650 0 |a Economic development 
650 0 |a Economic policy   |z Malaysia 
999 |a 0001024363   |b Book   |c REFERENCE   |e Perbadanan Perpustakaan Awam Johor